000 00516nam a2200169 a 4500
001 000035869
005 20200930074659.0
008 111115s1958 fr 000 0 spa d
040 _aDO-SdBNP
_bfre
_cBNPHU
082 _axxxx
_bH427
100 1 _aHayward, Fernand
_961856
245 1 0 _aQue faut-il penser de l´inquisition? /
_cFernand Hayward.
260 _aParis :
_bLibrairie Arthème Fayard,
_c1958.
300 _a189 p. ;
_c20 cm.
490 1 _aBibliothè Ecclesia
_v46
830 0 _aBibliothè Ecclesia
_v46
_961857
999 _c35360
_d35360